Statistics for Steelers first round draft picks

Click here to take the quiz!

General Stats

  • This quiz has been taken 527 times
  • The average score is 9 of 20

Answer Stats

Hint Answer % Correct
2004QBben roethlisberger
86%
2010Cmaurkice pouncey
84%
2005TEheath miller
80%
2003Stroy polamalu
75%
2012Gdavid decastro
72%
2008RBrashard mendenhall
71%
2011DEcameron heyward
61%
2006WRsantonio holmes
60%
2001NTcasey hampton
53%
2007LBlawrence timmons
52%
2000WRplaxico burress
50%
2009DTziggy hood
45%
1998Galan faneca
37%
1994WRcharles johnson
19%
1999WRtroy edwards
16%
2002Gkendall simmons
15%
1997CBchad scott
13%
1995TEmark bruener
13%
1993CBdeon figures
8%
1996OTjamain stephens
6%

Score Distribution

Percentile by Number Answered

Percent of People with Each Score

Your Score History

You have not taken this quiz